| 000 | 00638nam a22002057a 4500 | ||
|---|---|---|---|
| 003 | OSt | ||
| 005 | 20260120014051.0 | ||
| 008 | 260120b |||||||| |||| 00| 0 eng d | ||
| 020 | _a9781258279714 | ||
| 040 |
_aDWCL - Main _cOC |
||
| 082 | _aProf. 378 M888 1961 | ||
| 100 |
_aMueller, Kate Hevner _eAuthor |
||
| 245 |
_aStudent Personnel Work in Higher Education / _cKate Hevner Mueller |
||
| 260 |
_aBoston: _bHoughton Mifflin Company, _cc1961. |
||
| 300 |
_axiv, _b570 p.; _c22 cm. |
||
| 504 | _aIncludes index. | ||
| 650 | _a1. Counseling in higher education. | ||
| 700 |
_aI. Wrenn, C. Gilbert _eEditor |
||
| 942 |
_2ddc _cPROF. _n0 |
||
| 999 |
_c7561 _d7561 |
||